Statistics for Taylor Swift Song Chain

Click here to take the quiz!

General Stats

  • This quiz has been taken 519 times
    (509 since last reset)
  • The average score is 18 of 25

Answer Stats

LyricsSong% Correct
This is for the best/My reputation's never been worse so/You must like me for meDelicate
95%
Loving him is like driving a new Maserati down a dead end streetRed
92%
I think I've seen this film before/So I'm leavin' out the side doorExile
89%
And we see you over there on thee internet/Comparing all the girls who are killing itYou need to Calm Down
87%
I stay out too late got nothing in my brain/At least that's what people sayShake it Off
86%
I'm like the water when your ship rolled in last nightWillow
85%
He said, "Let's get out of this town."Wildest Dreams
83%
I was ridin' shotgun with my hair undone/In the front seat of his carOur Song
81%
I'm really gonna miss you picking fights/And me falling for it screaming that I'm rightWe are Never Ever Getting back Together
81%
Knew he was a killer first time that I saw him...Ready for it?
79%
We're all bored/We're all so tired of everything/We wait for trains that just aren't comingNew Romantics
77%
There's somethin' bout the way/The street looks when it's just rainedFearless
73%
Ocean blue eyes looking in mine/I feel like I might sink and drown and dieGorgeous
73%
Even in my worst times, you could see the best of meDress
72%
They tell you while you're young/"Girls go out and have your fun"Nothing New
72%
And now I'm pacing back and forth/Wishing you were at my doorEnchanted
69%
Hung my head as I lost the war/And the sky turned black like a perfect stormClean
66%
You said the way my blue eyes shined/Put those Georgia stars to shame that nightTim McGraw
61%
I'm pretty sure we almost broke up last night/I threw my phone across the room at youStay Stay Stay
58%
I wish I could fly/I'd pick you up and we'd go back in timeThe Very First Night
58%
I said, "Oh my, what a marvelous time"Starlight
57%
Given one chance, it was a moment of weakness/And you said, "Yes"Should've said No
55%
Put your lips close to mine/As long as they don't touchTreacherous
52%
Long handwritten note/Deep in your pocket/Words, how little they meanSad Beautiful Tragic
44%
Misty morning comes again and I can't/Help but wish I could see your faceSuperstar
27%

Score Distribution

Percentile by Number Answered

Percent of People with Each Score

Your Score History

You have not taken this quiz since the last reset